Quizzes
Events
Quiz Creation
Community
Videos
Private Events
Remove Ads
Sign In
Join for FREE
Feedback
Dark Mode
Quiz Categories
Sports
Geography
Music
Movies
Television
Just For Fun
Miscellaneous
History
Literature
Language
Science
Gaming
Entertainment
Religion
Holiday
For Kids
Quiz Lab
Recent
Popular Today
Quiz Kudos Today
Editor Picks
Curator Picks
Quizzes by...
Day
Popularity
Type
Ratings
Length
Year
Community
Subscriptions
Recent Discussions
Orange Saloon
Badges
Playlists
Quests
Create
Leaderboards
Showdown
Live 5
Trivia Bingo
Activity
Puzzle Library
Sporcle Events
Private Events
Virtual Trivia
Globe League
Become a Host
Pub Owners
SporcleCon
Opinionation
Our Games
Videos
Blog
Mobile Apps
Partnerships
Remove Ads and Go Orange
Feedback
Miscellaneous
Crossword
General Knowledge
Baby Names
Logo
Food
Cars
Numbers
Grab Bag
University
College
Popular
Company
Slogans
Restaurants
Justice
Letter
Miscellaneous
Crossword
General Knowledge
Baby Names
Logo
Food
Cars
Numbers
Grab Bag
University
College
Popular
Company
Slogans
Restaurants
Justice
Letter
Random Quiz
Search Sporcle
×
Quiz Lab
Quiz Lab
Miscellaneous
Computer
Type in answers that appear in a list
Type in answers that appear in a list
Classic
Best Score? Go Orange.
Coach K's Techy Quiz Stats
Can you name the Technologies Throughout History?
By
HollySaysBoo
5m
15 Questions
28 Plays
28 Plays
28 Plays
Comments
Comments
Give Quiz Kudos
Give Quiz Kudos
-
- Ratings
hide this ad
Forced Order
Answers have to be entered in order
Answers have to be entered in order
Random Order
Randomize order of answers
Randomize order of answers
Replay
Link that replays current quiz
Next Quiz
Link to next quiz in quiz playlist
You Got
0%
They Got
Avg Score
47%
Avg Friend Score
Upgrade to see
Score Distribution
Jump to the score distribution portion of the page
Score
0/15
Timer
05:00
0
Plays Today
Computer Information
Guess and Check
% Correct
RAM stands for...
Random Access Memory
71.4%
Created by Microsoft -
Released in 1983, Allows you to create and edit documents
Word
67.9%
Created by Microsoft -
A proprietary Commercial Spreadsheet
Excel
64.3%
USB Means...
Universal Serial Bus
64.3%
Ex. Opera, I.E, Firefox
Browser
64.3%
In 2004 this website was created and has over 800 million users
Facebook
64.3%
What is a CD?
Compact Disk
60.7%
Linux is an...
Operating System
57.1%
Computer Information
Guess and Check
% Correct
In 2003 this social networking service was created
Myspace
50%
Ex. Mouse, Keyboard, USB Port
Input
42.9%
Ex. TV, Monitor, Joint Stick
Display
39.3%
HTTP stands for...
Hyper Text Transfer Protocol
39.3%
S.O.P.A stands for...
Stop Online Piracy Act
17.9%
January 27, 2006 Ended Service Completely
Telegraph
7.1%
Ex. Gimp, Photoshop, Paint, and Fireworks
Image Manipulation Programs
0%
Quiz Playlist
Details
Report
Send in Message
Add To Playlist
Classic:
Type in answers that appear in a list
Forced Order:
Answers have to be entered in order
Random Order:
Randomize order of answers
Last Updated: Feb 16, 2017
Quiz Scoreboard
CHALLENGE
Sign Up to Join the Scoreboard
Show All
Scores
Hide
Comments
May contain spoilers
Recently Published
Decade Duel: World Leaders
by jenniferyan
History
4m
Alphabetical 'K' Countries by Flag Minefield
by ylime102
Geography
3m
Pick 6: Fruits
by JohnFran
Miscellaneous
15s
More to Explore
Quiz From the Vault
Featured Blog Post
15 Basketball Trivia Facts You Can Be March Mad About
hide this ad
You Might Also Like...
Tags
Computer Quiz
check
coach
Technology
Today's Top Quizzes in Miscellaneous
Browse Miscellaneous
hide this ad
Today's Top Quizzes in Computer
Browse Computer
Top Contributed Quizzes in Miscellaneous
1
Spring Months consonants
2
The JOE quick-fire general knowledge quiz: Day 166
3
Pick 6: Vegetables
4
Pick 6: Supreme Pizza
5
Four Seasons
6
Pick 6: University Mascots
7
The JOE quick-fire general knowledge quiz: Day 165
8
Guess the 'S' Things in 3 Words
9
Sporcle Acrostic Puzzle XXXV
10
Guess the 'T' Things in 3 Words
Explore More
Trending Topics
Anime
Crossword
Disney
NBA
Kpop
Harry Potter
Marvel
WWE
NFL
Song
Country
Soccer
Puzzle
The Office
Pokémon
hide this ad
More By:
HollySaysBoo
Quiz
Plays
Rating
Category
Featured
Created
Coach K's Techy Quiz
28
3.00
Miscellaneous
Jan 27, 2012
Go to Creator's Profile
Score Distribution
Quiz Creator Spotlight
HollySaysBoo
Follow
Send a Message
Quizzes Created
-
Created Quiz Play Count
-
More By This Creator
Popular Quizzes Today
1
Countries of Asia Without Outlines Minefield
2
Find the US States - No Outlines Minefield
3
Pick 6: Fruits
4
Alphabetical 'K' Countries by Flag Minefield
5
The Countries of the World
6
Find the Countries of Europe - No Outlines Minefield
7
Find the US States
8
US States
More Miscellaneous Quizzes
Trivia Path
Published
Trending Quizzes
Pick 6: Mountains
Pick 6: Harry Potter
Pick 6: Flags
Pick 6: NFL Teams
Pick 6: Movie Franchises
Recently Updated
Adaptations: Name the Title
pecheneg
NWSL Teams
pecheneg
Women's Final Four Teams by Year
bhenderson79
Presidents Quartet II
eogle
Anything But Clue(do)
eogle
Anything But Oceanian Capitals
eogle
Anything But 7
eogle
Anything But Thing
eogle
Word Ladder: February 29
pecheneg
Song Title Questions
pecheneg
Trending Topics
Marvel
Anime
Kpop
Crossword
Harry Potter
Disney
NBA
Puzzle
Song
Country
Pokémon
NFL
The Office
Soccer
WWE
Your Account Isn't Verified!
In order to create a playlist on Sporcle, you need to verify the email address you used during registration. Go to your
Sporcle Settings
to finish the process.
Report this User
Report this user for behavior that violates our
Community Guidelines
.
Details:
Send Report
Go to the Sporcle.com Mobile Site →
Comments